| 000 | 00397nam a22001457a 4500 | ||
|---|---|---|---|
| 005 | 20200710120518.0 | ||
| 008 | 200710b xxu||||| |||| 00| 0 eng d | ||
| 082 | _a345.4005 | ||
| 100 |
_aDEB,ASHOK KUMAR _96283 |
||
| 245 | _aINDIAN BAR REVIEW Vol. XXXIX(Vol 2) 2012 (JAN TO MAR) | ||
| 260 |
_aNEW DELHI _bBAR COUNCIAL OF INDIA TRUST _c2012 |
||
| 300 | _a235p. | ||
| 650 |
_aLAW _95701 |
||
| 942 | _cJRL | ||
| 999 |
_c7406 _d7404 |
||